ARRUPE JESUIT UNIVERSITY

CORONAVIRUS -STOP THE SPREAD - CLEAN,DISINFECT,COVER

the origins of intelligence in children (Record no. 4739)

MARC details
000 -LEADER
fixed length control field 00526nam a2200205Ia 4500
003 - CONTROL NUMBER IDENTIFIER
control field 0100
008 - FIXED-LENGTH DATA ELEMENTS--GENERAL INFORMATION
fixed length control field 130227s9999 xx 000 0 und d
040 ## - CATALOGING SOURCE
Transcribing agency ARRUPELIB
050 ## - LIBRARY OF CONGRESS CALL NUMBER
Classification number BF721.P473 1963
100 ## - MAIN ENTRY--PERSONAL NAME
Personal name Piaget, Jean
245 ## - TITLE STATEMENT
Title the origins of intelligence in children
260 ## - PUBLICATION, DISTRIBUTION, ETC. (IMPRINT)
Place of publication, distribution, etc New York
260 ## - PUBLICATION, DISTRIBUTION, ETC. (IMPRINT)
Name of publisher, distributor, etc W. W. Norton and Company
260 ## - PUBLICATION, DISTRIBUTION, ETC. (IMPRINT)
-- 1963
300 ## - PHYSICAL DESCRIPTION
Extent 419p.
300 ## - PHYSICAL DESCRIPTION
Other physical details 21cm.
650 ## - SUBJECT ADDED ENTRY--TOPICAL TERM
Topical term following geographic name as entry element Psychoanalysis, taboo, totemism, moses, psychology
700 ## - ADDED ENTRY--PERSONAL NAME
Personal name Cook, Margaret tr.
942 ## - ADDED ENTRY ELEMENTS (KOHA)
Source of classification or shelving scheme Library of Congress Classification
Koha issues (borrowed), all copies 1
Holdings
Withdrawn status Lost status Source of classification or shelving scheme Damaged status Not for loan Collection code Home library Current library Shelving location Date acquired Total Checkouts Full call number Barcode Date last seen Date last borrowed Copy number Price effective from Koha item type
    Library of Congress Classification     Main Collection ARRUPE LIBRARY ARRUPE LIBRARY   27/02/2013 3 BF721.P473 1963 46406011 30/04/2019 26/04/2019 1 27/02/2013 Monograph ( Printed materials)

 

Arrupe Library. PO Box MP320 Mt Pleasant, Harare, Zimbabwe
263 242 745411|librarian@aju.ac.zw